000 00363nam a2200157Ia 4500
008 210210b1977 xxu||||| |||| 00| 0 eng d
020 _a0 7100 8633 4
082 _a512.5 COHL
100 _aCOHN (P M).
245 _aLinear equations.
260 _aLondon
_bE L B S
_c1977
300 _a75
650 _aLinear equations
690 _aAlgebra
906 _a033846
999 _c84924
_d84924